00862nam a2200265 u 450000100070000000500170000700800410002403500110006504000130007604100080008908000060009710000400010324501110014326000220025430000190027650000140029565000270030965000330033665000420036965000260041165000430043770000330048070000390051370000440055219018020260506080222.0980602s1996 ||||||m| spa  a190180 ccomduadb aspa aW10aGiraldo P., Maria Eugenia4auteaut10aEvaluacion cualitativa del programa de atencion domiciliaria en el Instituto de Seguros Sociales Manizales aManizales,c1996. a103p. + anexos aDonacion. aAtención de la salud aAtención primaria de salud aEvaluación de procesos y resultados 7aInvestigación2lemb 7aCalidad de la atención de salud2dcs10aRueda M., Patricia4auteaut10aVallejo CH., Raul Alonso4auteaut10aQuiñones Cardenas, Jeremias4thseths